• 首页
  • 本馆介绍
  • 公告通知
  • 最新文献
  • 馆藏检索
  • 电子资源
  • 读者导购
  • 参考咨询
  • 我的图书馆
  • 登录
  • 详细信息显示
  • 放入我的书架
  • 预约/预借图书
  • 作者相关作品
  • 分类相关作品
  • 丛书相关作品
  • 出版社相关作品

书目信息

  • 表格格式
  • 工作单格式
  • 卡片格式
题名:
北京图书馆与俄美等国家图书馆
    
 
作者: 邵文杰 编著
分册:  
出版信息: 北京   书目文献出版社  1994
页数: 244页
开本: 19cm
丛书名:
单 册:
中图分类: G259.1
科图分类:
主题词: 国家图书馆--概况--世界
电子资源:
ISBN: 7-5013-1161-7
000 00722nnam 2200229 45
001 0196026114
005 20061028083100.85
010    @a7-5013-1161-7@dCNY7.50
100    @a19960721d1994 emky0chiy0121 ea
101 0  @achi
102    @aCN@b110000
105    @ay z 000yy
200 10 @a北京图书馆与俄美等国家图书馆@ABEI JING TU SHU GUAN YU E MEI DENG GUO JIA TU SHU GUAN@f邵文杰等编著@FSHAO WEN JIE DENG BIAN ZHU
210    @a北京@c书目文献出版社@d1994
215    @a244页@d19cm
314    @a邵文杰,北京图书馆研究馆员
540 1  @a北京图书馆@ABEI JING TU SHU GUAN
606    @a国家图书馆@x概况@y世界
690    @aG259.1
701  0 @a邵文杰@ASHAO WEN JIE@4编著
801  0 @aCN@bTSSF@c20061028
905    @a10447@dG259.1@e13
    
    北京图书馆与俄美等国家图书馆/邵文杰等编著.-北京:书目文献出版社,1994
    244页;19cm
    
    
    ISBN 7-5013-1161-7:CNY7.50
    
●
相关链接 在E读中查询图书 在五车中查询图书 在当当中查询图书 在豆瓣中查询图书


正题名:北京图书馆与俄美等国家图书馆     索取号:G259.1/13         预约/预借

序号 登录号 条形码 馆藏地/架位号 状态 备注
1 0274514   000990547   第一样本阅览室/ [索取号:G259.1/13] 在馆    
2 0274515   000990556   密集书库/ [索取号:G259.1/13] 在馆    
唐山师范学院图书馆 欢迎您!
大连网信软件有限公司© 版权所有